Rozpoznaj Kraj po opisie cz.5 - Statystyki

Ogólne statystyki
  • Ten quiz został rozwiązany 81 razy
  • Średni wynik to 7 z 15
Statystyki odpowiedzi
Wskazówka Odpowiedź % Poprawnych
W latach 2001-2021 ten kraj toczył wojnę z USA z powodu ataków terrorystycznych z 11 września 2001. Afganistan
74%
Jest to kraj z największą populacją w Afryce, szacuje się że w 2100 roku będzie w nim mieszkać ponad 700 milionów ludzi. Nigeria
74%
Jest to jedyny Afrykański kraj z dostępem do Morza Śródziemnego i Czerwonego. Egipt
64%
Ten kraj ma flagę, która jest lustrzanym odbiciem flagi Irlandii. Wybrzeże Kości Słoniowej
60%
Ten kraj jest najgęściej zaludnionym Państwem na Świecie. Monako
58%
W tym kraju znajdują się dwa nieuznawane Państwa (Abchazja, Osetia Południowa) Gruzja
57%
Jest to najmniejszy (lądowy) kraj w Afryce pod względem powierzchni. Gambia
53%
Jest to kraj z największą ilością Chrześcijanów w Azji. Filipiny
51%
w 2004 roku w stolicy tego kraju odbyły się Letnie Igrzyska Olimpijskie. Grecja
47%
Największy producent oleju słonecznikowego. Ukraina
47%
Ten kraj przez prawie 26 lat nazywał się Zair. Demokratyczna Republika Konga
45%
Jest to mały wyspiarski kraj, który nazywa się tak samo jak jedno miasto w Hiszpanii (To miasto ma więcej mieszkańców niż ten kraj). Grenada
40%
Państwo z najwyższym wskaźnikiem analfabetyzmu (80,9%) Niger
30%
Stolicą tego kraju jest Managua. Nikaragua
28%
Ten kraj jest nazywany najdziwniejszym na Świecie. Turkmenistan
9%
Nie znaleziono quizów pasujących do podanych kryteriów
Rozkład punktacji
Procent ludzi z każdym wynikiem
Percentyl według liczby udzielonych odpowiedzi
Twoja historia wyników
Nie rozwiązałeś tego quizu